Cheaper by the dozen [DVD/videorecording] / 20th ... Read More
Available copies
- 2 of 2 copies available at LARL/NWRL Consortium.
Current holds
0 current holds with 2 total copies.
Show Only Available Copies
| Location | Call Number / Copy Notes | Barcode | Shelving Location | Status | Due Date |
|---|---|---|---|---|---|
| Hallock Public Library | DVD CHE (Text) | 35500004254460 | Main | Available | - |
| Roseau Public Library | DVD CHE (Text) | 35500006393589 | Main | Available | - |
Record details
- ISBN: 9786308259166
- Physical Description: 1 videodisc (86 min.) : sd., col. ; 4 3/4 in.
- Publisher: Beverly Hills, CA : Twentieth Century Fox Home Entertainment, c2003.
Content descriptions
| General Note: | Videodisc release of the 1950 motion picture. |
| Creation/Production Credits Note: | Produced by Lamar Trotti ; directed by Walter ... Read More |
| Participant or Performer Note: | Clifton Webb, Jeanne Crain, Myrna Loy; with Betty ... Read More |
| Summary, etc.: | Set in the early 20th century, this classic family ... Read More |
| Target Audience Note: | MPAA rating: Not rated. |
| System Details Note: | DVD; full screen; Dolby Digital. |
| Language Note: | In English or Spanish; subtitles in English or ... Read More |
Search for related items by subject
| Subject: | Families > Drama. |
| Genre: | Comedy films. DVDs. Feature films. Video recordings for the hearing impaired. |
| LDR | 01947cgm a2200433Ia 4500 | ||
|---|---|---|---|
| 001 | 40072 | ||
| 003 | LARL_NWRL_CONSORTIUM | ||
| 005 | 20250930203938.0 | ||
| 007 | vd cgaius | ||
| 008 | 040311s2003 cau086 vleng d | ||
| 020 | . | ‡a9786308259166 | |
| 024 | 1 | . | ‡a024543103943 ‡d00 |
| 024 | 1 | . | ‡a024543671503 |
| 035 | . | ‡a(OCoLC)54679399 | |
| 040 | . | ‡aIMD ‡cIMD | |
| 099 | . | ‡aChe | |
| 245 | 0 | 0. | ‡aCheaper by the dozen ‡h[DVD/videorecording] / ‡c20th Century Fox. |
| 260 | . | ‡aBeverly Hills, CA : ‡bTwentieth Century Fox Home Entertainment, ‡cc2003. | |
| 300 | . | ‡a1 videodisc (86 min.) : ‡bsd., col. ; ‡c4 3/4 in. | |
| 500 | . | ‡aVideodisc release of the 1950 motion picture. | |
| 508 | . | ‡aProduced by Lamar Trotti ; directed by Walter Lang. | |
| 511 | 1 | . | ‡aClifton Webb, Jeanne Crain, Myrna Loy; with Betty Lynn, Edgar Buchanan, Barbara Bates, Mildred Natwick, and Sara Allgood. |
| 520 | . | ‡aSet in the early 20th century, this classic family comedy follows the efforts of a husband and wife as they try to maintain control in a home with 12 children. | |
| 521 | 8 | . | ‡aMPAA rating: Not rated. |
| 538 | . | ‡aDVD; full screen; Dolby Digital. | |
| 546 | . | ‡aIn English or Spanish; subtitles in English or Spanish; closed-captioned. | |
| 655 | 0. | ‡aComedy films. ‡0(LARL_NWRL_CONSORTIUM)175650 | |
| 655 | 0. | ‡aDVDs. | |
| 650 | 0. | ‡aFamilies ‡vDrama. ‡0(LARL_NWRL_CONSORTIUM)164935 | |
| 655 | 0. | ‡aFeature films. ‡0(LARL_NWRL_CONSORTIUM)175625 | |
| 655 | 0. | ‡aVideo recordings for the hearing impaired. ‡0(LARL_NWRL_CONSORTIUM)175744 | |
| 700 | 1 | . | ‡aCrain, Jeanne. ‡0(LARL_NWRL_CONSORTIUM)141944 |
| 700 | 1 | . | ‡aLoy, Myrna, ‡d1905-1993. ‡0(LARL_NWRL_CONSORTIUM)4351 |
| 700 | 1 | . | ‡aWebb, Clifton, ‡d1893-1966. ‡0(LARL_NWRL_CONSORTIUM)139580 |
| 710 | 2 | . | ‡aTwentieth Century Fox Home Entertainment, Inc. ‡0(LARL_NWRL_CONSORTIUM)140752 |
| 901 | . | ‡a40072 ‡bOCLC ‡c40072 ‡tbiblio | |

Add to basket
Permalink
Disable Highlighting